Derecho civil Manual de derecho de obligaciones y contratos /

Bibliographic Details
Main Author: Fayos Gard,̤ Antonio
Format: eBook
Language:Spanish
Published: Madrid: Dykinson, 2021
Subjects:
Online Access:Acceso restringido

MARC

LEADER 00000nam a22000007a 4500
005 20220620152535.0
007 cr|||| ||||
008 220620s2021 es |||||s|||| 00||0 spa d
020 |a 978-84-1377-750-4 
035 |a 35755 
040 |a vLex 
090 |c 13425  |d 13425 
100 1 |a Fayos Gard,̤ Antonio 
245 1 0 |a Derecho civil  |h [Recurso electrn̤ico] :  |b Manual de derecho de obligaciones y contratos /  |c Antonio Fayos Gard̤ 
256 |a Servicio en ln̕ea 
260 |a Madrid:  |b Dykinson,  |c 2021 
300 |a 1 recurso electrn̤ico 
506 1 |a Disponible solo en los productos indicados  |d vLex Global  |d vLex Global (Academic Edition, excluding Law Schools)  |d vLex Global (U.S. Academic Edition, Law Schools)  |d vLex Global (U.S. Academic Edition, excluding Law Schools)  |d vLex Global (Academic Edition, Law Schools) 
650 0 4 |a Derecho Civil  |z Espaą 
740 0 |a vLex Libros (Servicio en ln̕ea) 
856 4 0 |u https://app.vlex.com/#/sources/35755  |z Acceso restringido 
942 |c BOOK 
999 0 |a Civil Law